| Tag |
First Indicator |
Second Indicator |
Subfields |
| LEADER |
00000cam a2200000 a 4500 |
| 001 |
in00002542421 |
| 005 |
20151113140945.0 |
| 008 |
090911s2011 njua b 001 0 eng |
| 020 |
|
|
|a 9780470317242 (pbk.)
|
| 020 |
|
|
|a 0470317248 (pbk.)
|
| 035 |
|
|
|a (OCoLC)ocn455804095
|
| 040 |
|
|
|a UKM
|c UKM
|d BWX
|d C#P
|d TXA
|d UtOrBLW
|
| 049 |
|
|
|a TXAM
|
| 082 |
0 |
|
|a 658.8
|2 22
|
| 090 |
|
|
|a HF5415.13
|b .A23 2011
|
| 100 |
1 |
|
|a Aaker, David A.
|
| 245 |
1 |
0 |
|a Strategic market management /
|c David A. Aaker.
|
| 250 |
|
|
|a 9th ed.
|
| 264 |
|
1 |
|a Hoboken, N.J. :
|b John Wiley & Sons,
|c [2011]
|
| 264 |
|
4 |
|c ©2011
|
| 300 |
|
|
|a ix, 341 pages :
|b illustrations ;
|c 23 cm.
|
| 336 |
|
|
|a text
|b txt
|2 rdacontent
|
| 337 |
|
|
|a unmediated
|b n
|2 rdamedia
|
| 338 |
|
|
|a volume
|b nc
|2 rdacarrier
|
| 504 |
|
|
|a Includes bibliographical references and index.
|
| 500 |
|
|
|a Previous edition: 2008.
|
| 650 |
|
0 |
|a Marketing
|x Management.
|
| 650 |
|
0 |
|a Strategic planning.
|
| 948 |
|
|
|a cataloged
|b h
|c 2010/1/21
|d c
|e dmitchel
|f 2:44:28 pm
|
| 994 |
|
|
|a C0
|b TXA
|
| 999 |
|
|
|a MARS
|
| 999 |
f |
f |
|s 47afd91b-d1c7-3844-9b01-89fc88834c10
|i 67c63452-354a-301b-8957-e3589499a139
|t 0
|
| 952 |
f |
f |
|p normal
|a Texas A&M University
|b College Station
|c Sterling C. Evans Library
|d Evans: Library Stacks
|t 0
|e HF5415.13 .A23 2011
|h Library of Congress classification
|i unmediated -- volume
|m A14838918690
|
| 998 |
f |
f |
|a HF5415.13 .A23 2011
|t 0
|l Evans: Library Stacks
|